| 000 | 00595nam a2200193Ia 4500 | ||
|---|---|---|---|
| 003 | GCL | ||
| 008 | 140319s9999 xx 000 0 eng d | ||
| 040 |
_aGCL / _cGCL |
||
| 082 | 0 | 4 |
_a338.97306 _bG M |
| 100 | 1 | _aGRISSOM, FRED E. | |
| 245 | 1 | 0 |
_aMINING THE NATION'S BRAIN TRUST: HOW TO PUT FEDERALLY - FUNDED RESEARCH TO WORK FOR YOU / _cGRISSOM, FRED E. |
| 700 | 1 | _aCHAMAN, RICHARD L. | |
| 260 |
_a[S.N] : _bADDISON - WESLEY PUBLISHING COMPANY |
||
| 300 | _aNew York | ||
| 650 | 0 | 4 | _aUNITED STATES |
| 650 | 0 | 4 | _aTECHNOLOGY - TRANSFER |
| 650 | 0 | 4 | _aFEDERAL AID TO RESEARCH |
| 942 |
_2ddc _cBK |
||
| 999 |
_c17088 _d17088 |
||